000 01334cam a22002054a 4500
005 20250605164013.0
008 250528s ||||||||||||||||||||||||d
035 _a16027
020 _a873890531
040 _aGR-AtMCL
_bgre
_dGR-AtMCL
_eAACR2
245 1 _aKeeping the Customer Satisfied / A Guide to Field Service
250 _a1st
260 _bASQC Quality Press,
_c1989
300 _a120
520 _aA review of the many aspects of field service and insightful approaches to field service issues. Preface, Introduction, History - The Changing Field Service Environment, New Technology Causes New ''Bugs'', Elements of the Product Life Cycle, An Approach to Service Design, Serviceability and Reliability, Laboratory Versus Field Service Testing Equipment, Producing Quality Service While Remaining Competitive, Productivity Opportunities in Field Service, Field Repair via Component or Circuit Board Replacement, LAN Diagnostics and Service, Data Communications Service, Field Service Training, Serviceable Software is not an Accident, Artificial Intelligence in Service, The Economics of it All, Project Planning - The Key to Meeting your Objectives, The Future, A Focus on the Technologies of the Future, Summing it Up.
710 2 _aEastman Kodak Company
_99725
942 _cBK
999 _c1571
_d1571